000 00429nam a2200193Ia 4500
003 0100
008 130303s9999 xx 000 0 und d
040 _cARRUPELIB
050 _aBF173.F85 1971
100 _aRoazen, Paul
245 _aFreud and his followers
260 _aNew York
260 _bMeridian Books
260 _C1971
300 _axxxiii
300 _b 543p. 21 cm.
650 _aPSYCHOLOGY
942 0 0 _01
999 _c32613
_d32613